Este livro que vos deixo... (Registo nº 153)

Detalhes MARC
000 -Etiqueta do registo
Cabeçalho 00855nam0a2200277 4500
005 - Identificador da versão
Campo de controlo 20240813121755.0
010 ## - Número internacional normalizado dos livros (ISBN)
Número (ISBN) 9724608107
021 ## - Número do Depósito Legal
Código do país PT
Número 179892/02
100 ## - Dados gerais de processamento
Dados gerais de processamento 20150710g2002 m y0pory5003 ba
102 ## - Pais de publicação ou produção
País de publicação Portugal
101 0# - Língua de publicação
Língua do texto, banda sonora, etc. Português
215 ## - Descrição física 
Indicação específica da natureza do documento e extensão da espécie 1 vol
200 1# - Titulo e menção de responsabilidade
Título próprio Este livro que vos deixo...
Primeira menção de responsabilidade António Aleixo
Outras menções de responsabilidade pref. e notas preliminares de Fernando Laginha e Joaquim Magalhães
225 2# - Colecção 
Título próprio da colecção Obras de António Aleixo
205 ## - Menção da edição
Menção da edição 17ª ed
210 ## - Publicação, Distribuição, etc. 
Lugar da edição, distribuição, etc. Lisboa
Nome do editor, distribuidor, etc. Editorial Notícias
Data da publicação, distribuição, etc. 2002
606 ## - Nome comum usado como assunto
Número de registo de entrada de autoridade 0002007
Palavra de ordem Literatura portuguesa
Subdivisão de assunto Poesia
Código do sistema CA
675 ## - Classificação Decimal Universal (CDU)
Notação 821.134.3-1
Edição 3ª ed.
Língua da edição por
702 ## - Nome de autor-pessoa física (responsabilidade secundária)
Número de registo de entrada de autoridade 0000201
Palavra de ordem Laginha
Outra parte do nome não tomada para palavra de ordem Fernando
Código de função Autor da introdução / Prefaciador
Número de registo de entrada de autoridade 0000202
Palavra de ordem Magalhães
Outra parte do nome não tomada para palavra de ordem Joaquim
Código de função Autor da introdução / Prefaciador
700 ## - Nome de autor-pessoa física (responsabilidade principal)
Número de registo de entrada de autoridade 0000200
Palavra de ordem Aleixo
Outra parte do nome não tomada para palavra de ordem António
Datas 1899-1949
966 ## - Identificação da Biblioteca
Sigla EB2,3ENM
942 ## - Elementos de entrada adicionados (Koha)
Tipo de item no Koha Livro
Exemplares
Situação do levantamento Origin of item (home branch) (coded) Biblioteca de empréstimo Código de barras Cota Circulation type (not for loan) Tipo de documento Nota do exemplar Damaged status
  Biblioteca Escolar Eng. Nuno Mergulhão Biblioteca Escolar Eng. Nuno Mergulhão BENM644 82LP-1 ALE   Livro Sem mensagem